000 00201 a2200109 4500
020 _a9780152000608
041 _aspa
100 _aAncona;George
245 _aEl pià¨tero
942 _cBK
952 _71
999 _c19885
_d19885